_Kisumu County Development Profile ministry of devolution and planning (Record no. 14809)
[ view plain ]
| 000 -LEADER | |
|---|---|
| fixed length control field | 00392nam a2200121Ia 4500 |
| 008 - FIXED-LENGTH DATA ELEMENTS--GENERAL INFORMATION | |
| fixed length control field | 151021s9999 xx 000 0 und d |
| 050 ## - LIBRARY OF CONGRESS CALL NUMBER | |
| Classification number | HC 865.K47 2013 |
| 245 ## - TITLE STATEMENT | |
| Title | _Kisumu County Development Profile ministry of devolution and planning |
| 260 ## - PUBLICATION, DISTRIBUTION, ETC. (IMPRINT) | |
| Place of publication, distribution, etc. | Nairobi Government Printers 2013 |
| 300 ## - PHYSICAL DESCRIPTION | |
| Extent | xv,146p. |
| 650 ## - SUBJECT ADDED ENTRY--TOPICAL TERM | |
| Topical term or geographic name as entry element | _County mission and vision |
| 980 ## - EQUIVALENCE OR CROSS-REFERENCE-SERIES STATEMENT--PERSONAL NAME/TITLE [LOCAL, CANADA] | |
| Personal name | ^d20140318 04:05:06^okorir |
No items available.